[Event "BL2-N9293"]
[Site "Germany"]
[Date "1993.??.??"]
[Round "?"]
[White "Blauert, Joerg"]
[Black "Blatny, Pavel"]
[Result "0-1"]
[WhiteElo "2370"]
[BlackElo "2515"]

1.e4 c5 2.c3 d5 3.exd5 Qxd5 4.d4 Nf6 5.Nf3 Nc6 6.Be2 cxd4 7.cxd4 e6 8.O-O Be7
9.Nc3 Qd6 10.Nb5 Qd8 11.Bf4 Nd5 12.Bg3 a6 13.Nc3 Nf6 14.Rc1 O-O 15.a3 b6
16.Qb3 Bb7 17.Rfd1 Rc8 18.Qa2 b5 19.b4 Qb6 20.Bf4 Rfd8 21.d5 exd5 22.Nxd5 Nxd5
23.Rxd5 Rxd5 24.Qxd5 Rd8 25.Qf5 g6 26.Qc2 Rd5 27.Rd1 Qd8 28.Rxd5 Qxd5 29.Qd3 Nd8
30.Qxd5 Bxd5 31.Be5 Nc6 32.Bc3 f6 33.Nd2 Kf7 34.f3 f5 35.Kf2 Ke6 36.Ke3 Bd8
37.g3 Bb6+ 38.Kd3 Ne5+ 39.Bxe5 Kxe5 40.f4+ Kd6 41.g4 Ke6 42.Bd1 h6 43.h4 Bf2
44.h5 gxh5 45.gxh5 Bb6 46.Bf3 Bd8 47.Bd1 Bb6 48.Bf3 Bc7 49.Ke3 Bd8 50.Bd1 Bf6
51.a4 Bc6 52.axb5 Bxb5 53.Nf3 Kd5 54.Bb3+ Bc4 55.Bc2 Bc3 56.Bxf5 Bxb4 57.Be4+ Kd6
58.Ne5 Bc5+ 59.Kd2 Be6 60.Nd3 Bd4 61.Nb4 a5 62.Nc6 Bb6 63.Nxa5 Bxa5+ 64.Ke3 Bb3
65.Bg6 Bd5 66.Kd3 Bb6 67.Be4 Be6 68.Bg6 Bc8 69.Ke4 Bb7+ 70.Kd3 Bf3 71.Kd2 Bf2
72.Kd3 Ke6 73.Kd2 Kd5 74.Kd3 Kc5 75.Bf7 Bc6 76.Bg6 Bg1 77.Bf7 Bh2 78.Ke3 Kb4
79.Bg6 Kc3 80.Be4 Bg1+ 81.Kf3 Bd7 82.Bg6 Kd4 83.f5 Ke5 84.Kg2 Be3 85.Kf3 Bg5
86.Bh7 Bc6+ 87.Ke2 Bb5+ 88.Kf3 Ba4 89.Ke2 Kd4 90.Bg6 Bb3 91.Bh7 Bc4+ 92.Kf3 Bf6
93.Bg6 Kd3 94.Kf4 Bb3 95.Bh7 Bd1 96.Bg6 Kd4 97.Kg3 Ke3 98.Be8 Bf3 99.Bf7 Be5+
100.Kh3 Bf6 101.Kg3 Be4 102.Bg6 Be5+ 103.Kg4 Bf3+ 104.Kh3 Kf4 105.Be8 Bd5
106.f6 Kf3 107.Bd7 Bxf6 108.Bg4+ Kf2 109.Bd7 Bf3 110.Be8 Be2 111.Bf7 Bd4
112.Be8 Kf3 113.Bc6+ Kf4 114.Be8 Bf1+ 115.Kh2 Kf3 116.Bc6+ Kf2 117.Bd5  0-1

[Event "BL2-N9293"]
[Site "Germany"]
[Date "1993.??.??"]
[Round "?"]
[White "Blatny, Pavel"]
[Black "Kalinitschew, Sergey"]
[Result "0-1"]
[WhiteElo "2505"]
[BlackElo "2480"]

1.e4 d6 2.d4 Nf6 3.Nc3 g6 4.Nf3 Bg7 5.Be2 O-O 6.O-O c6 7.a4 a5 8.Bf4 Na6
9.Qd2 Bg4 10.Bh6 Bxf3 11.Bxf3 Bxh6 12.Qxh6 e5 13.Rfd1 Qe7 14.Qe3 Rfd8 15.Ne2 Rd7
16.c3 Rad8 17.Rd2 d5 18.dxe5 Qxe5 19.exd5 Qxe3 20.fxe3 Nxd5 21.Bxd5 Rxd5
22.Rxd5 Rxd5 23.Nd4 Nc5 24.Kf1 Ne4 25.Ke2 Kf8 26.Rd1 Ke7 27.Nb3 Rxd1 28.Kxd1 b6
29.Nd2 Nxd2 30.Kxd2 Kd6 31.Kd3 Kc5 32.e4 b5 33.b3 bxa4 34.bxa4 g5 35.h3 h5
36.g3 g4 37.h4 f6 38.Ke3 Kc4 39.Kf4 Kxc3 40.Kf5 Kd4 41.Kg6 c5  0-1

[Event "BL2-N9293"]
[Site "Germany"]
[Date "1993.??.??"]
[Round "?"]
[White "Blatny, Pavel"]
[Black "Danschczyk, Christian"]
[Result "1-0"]
[WhiteElo "2515"]
[BlackElo "2290"]

1.d4 Nf6 2.Nf3 g6 3.Nc3 Bg7 4.e4 d6 5.Be2 O-O 6.O-O c6 7.a4 a5 8.Bf4 Na6
9.Qd2 Bg4 10.Bh6 Bxf3 11.Bxf3 e5 12.Rfd1 Nb4 13.Rac1 Qe7 14.Bg5 Rfe8 15.d5 cxd5
16.Bxf6 Bxf6 17.Nxd5 Nxd5 18.Qxd5 Bg5 19.Rb1 Qd7 20.Be2 Rec8 21.Bb5 Qg4 22.c3 Rab8
23.Rd3 h5 24.Rg3 Qh4 25.Bc4 Rf8 26.Rf3 Bf6 27.g3  1-0

[Event "BL2-N9293"]
[Site "Germany"]
[Date "1993.??.??"]
[Round "?"]
[White "Blatny, Pavel"]
[Black "Chuchelov, Vladimir"]
[Result "0-1"]
[WhiteElo "2515"]
[BlackElo "2490"]

1.d4 Nf6 2.Nf3 e6 3.Bf4 b6 4.e3 Bb7 5.Nbd2 c5 6.c3 Be7 7.Bd3 cxd4 8.exd4 O-O
9.h4 d6 10.Qe2 a6 11.Ng5 Nbd7 12.O-O-O Re8 13.Rh3 b5 14.Ndf3 Nf8 15.Qc2 Qa5
16.a3 Qa4 17.Qb1 Bd5 18.h5 Rec8 19.Nh4 a5 20.Ng6 fxg6 21.hxg6 h6 22.Nf7 Qxd4
23.Be3 Qa4 24.Rdh1 Be4 25.Rh4 d5 26.f3 Nxg6 27.fxe4 Nxh4 28.Nxh6+ gxh6 29.Rxh4 dxe4
30.Bxe4 Qb3 31.Bh7+ Kf8 32.Bd4 e5 33.Bxe5 Qf7 34.Bg6 Qg7 35.Bf4 Ng8 36.Rh5 Rc5
37.Rf5+ Rxf5 38.Qxf5+ Qf6 39.Qe4 Kg7  0-1

[Event "Groningen op"]
[Site "Groningen"]
[Date "1993.??.??"]
[Round "6"]
[White "Van Doeland, Julius H"]
[Black "Blatny, Pavel"]
[Result "0-1"]
[WhiteElo "2290"]
[BlackElo "2510"]

1.Nf3 Nf6 2.c4 d6 3.d4 g6 4.Nc3 Bf5 5.Nh4 Bd7 6.g3 e5 7.d5 Bg7 8.Bg2 O-O
9.O-O a5 10.Rb1 Na6 11.a3 Nc5 12.b4 axb4 13.axb4 Na4 14.Nxa4 Rxa4 15.e4 Qa8
16.Qb3 b5 17.Re1 bxc4 18.Qxc4 Qb7 19.Bf1 c6 20.dxc6 Bxc6 21.Bg2 Rfa8 22.Qd3 Rxb4
23.Bd2 Rxb1 24.Rxb1 Bxe4  0-1

[Event "Groningen op"]
[Site "Groningen"]
[Date "1993.??.??"]
[Round "8"]
[White "Blatny, Pavel"]
[Black "Kogan, Artur"]
[Result "0-1"]
[WhiteElo "2510"]
[BlackElo "2340"]

1.Nf3 Nf6 2.b3 d6 3.Bb2 e5 4.d3 c6 5.g3 g6 6.Bg2 Bg7 7.O-O a5 8.c4 Na6 9.Nbd2 O-O
10.a3 h6 11.Qc2 Nh7 12.e4 Qb6 13.Bc3 Ng5 14.Nxg5 hxg5 15.h3 Nc7 16.Kh2 Ne6
17.Rae1 Bd7 18.b4 axb4 19.axb4 f6 20.Nb3 c5 21.b5 Ra3 22.Qb2 Rfa8 23.Ra1 R3a4
24.Nd2 Kf7 25.Rfb1 Qd8 26.Nf1 b6 27.Ne3 Nc7 28.Bf3 Qh8 29.Bg4 Bxg4 30.Nxg4 f5
31.Rxa4 Rxa4 32.exf5 gxf5 33.Ne3 f4 34.gxf4 gxf4 35.Nf5 Bf8 36.Qe2 Qf6 37.Qe4 Ra2
38.Bb2 Ke6 39.Qb7 Kd7 40.Qc6+ Kd8 41.Qe4 Ne6 42.Ra1 Ng5 43.Rxa2 Nxe4 44.dxe4 f3
45.Bc1 Qg6 46.Ng3 Be7 47.Ra3 Bh4 48.Rxf3 Bxg3+ 49.Rxg3 Qxe4 50.Rg4 Qf3 51.Be3 e4
52.Rf4 Qd1 53.Rxe4 d5 54.Bg5+ Kd7 55.Re7+ Kd6 56.Rb7 dxc4 57.Rxb6+ Kd5 58.Be3 Qb1
59.Rb8 Qb2 60.Rd8+ Ke4 61.Rc8 Qe5+ 62.Kg2 Qg7+ 63.Kf1 Kf3 64.Ra8 c3  0-1

[Event "Munich op9293"]
[Site "Munich"]
[Date "1993.??.??"]
[Round "1"]
[White "Blatny, Pavel"]
[Black "Hornung, Hans"]
[Result "1-0"]
[WhiteElo "2515"]
[BlackElo "2300"]

1.d4 Nf6 2.Nf3 d6 3.Nc3 Bg4 4.e4 e6 5.h3 Bh5 6.Be2 Be7 7.O-O O-O 8.Re1 d5
9.exd5 exd5 10.Nh4 Bxe2 11.Qxe2 Re8 12.Bg5 Nbd7 13.Nf5 Bb4 14.Qb5 Bxc3 15.bxc3 Rb8
16.Qa5 Re6 17.c4 dxc4 18.d5 Re5 19.Rxe5 Nxe5 20.Re1 Ng6 21.Qxa7 b6 22.d6 cxd6
23.h4 Ra8 24.Qb7 Rb8 25.Bxf6 gxf6 26.Qf3 Kh8 27.Qe3 d5 28.h5 Qd7 29.hxg6 Qxf5
30.gxf7  1-0

[Event "Munich op9293"]
[Site "Munich"]
[Date "1993.??.??"]
[Round "2"]
[White "Schwarz, Michael"]
[Black "Blatny, Pavel"]
[Result "1/2-1/2"]
[WhiteElo "2380"]
[BlackElo "2515"]

1.d4 d5 2.Nf3 Nf6 3.g3 e6 4.Bg2 Nbd7 5.O-O c5 6.dxc5 Bxc5 7.c4 dxc4 8.Qa4 a6
9.Qxc4 b5 10.Qh4 Bb7 11.Nc3 Rc8 12.Bg5 Qb6 13.Rad1 h6 14.Ne1 O-O 15.Bc1 Ne5
16.Bxb7 Qxb7 17.Nd3 Ng6 18.Nxc5 Rxc5 19.Qd4 Rfc8 20.Be3 Rh5 21.f3 b4 22.Na4 Nd5
23.Rd2 Ne5 24.b3 Nc6 25.Qd3 Rd8 26.Bf2 Nc3 27.Qc2 Rxd2 28.Qxd2 Rd5 29.Qc2 Nxa4
30.bxa4 Qd7 31.Rc1 Ne7 32.Qb3 Rd2 33.Rc2 Rxc2 34.Qxc2 Nd5 35.Bd4 f6 36.e4 Nc3
37.Bxc3 bxc3 38.Kf2 Qc6 39.Ke3 e5 40.Kd3 Kf7 41.f4 exf4 42.gxf4 Qd6+ 43.Kxc3 Qc5+
44.Kd3 Qd6+ 45.Kc3 Qc5+ 46.Kd3 Qe7 47.f5 Qe5 48.Qg2 g5 49.Qf2 Qe7 50.Kc2  1/2-1/2

[Event "Munich op9293"]
[Site "Munich"]
[Date "1993.??.??"]
[Round "3"]
[White "Blatny, Pavel"]
[Black "Lentrodt, Thomas"]
[Result "1-0"]
[WhiteElo "2515"]
[BlackElo "2350"]

1.d4 d5 2.Nf3 Nf6 3.Bf4 c6 4.Nbd2 Bf5 5.e3 e6 6.c4 Bd6 7.Bxd6 Qxd6 8.c5 Qc7
9.b4 Nbd7 10.Nh4 Bg4 11.f3 Bh5 12.g4 Bg6 13.f4 Be4 14.Ng2 h6 15.Nxe4 dxe4
16.Be2 Nd5 17.Qd2 g5 18.O-O N7f6 19.b5 Ke7 20.Rab1 h5 21.bxc6 bxc6 22.fxg5 Nxg4
23.Bxg4 hxg4 24.Nf4 Rag8 25.Nxd5+ exd5 26.Qf2 Rh7 27.Rb2 Rb8 28.Qf6+ Kf8
29.Rg2 Rh3 30.g6 Rf3 31.g7+ Kg8 32.Qh6 f5 33.Rb2 Rd8 34.Qh8+ Kf7 35.Rfb1 Rh3
36.Rb7  1-0

[Event "Munich op9293"]
[Site "Munich"]
[Date "1993.??.??"]
[Round "5"]
[White "Mainka, Romuald"]
[Black "Blatny, Pavel"]
[Result "0-1"]
[WhiteElo "2550"]
[BlackElo "2515"]

1.e4 e5 2.Nf3 Nc6 3.Bb5 a6 4.Ba4 Nf6 5.O-O Be7 6.Re1 b5 7.Bb3 O-O 8.a4 Bb7
9.d3 Re8 10.c3 h6 11.Ba2 Bf8 12.b4 d6 13.Na3 Qd7 14.Bd2 Ne7 15.Nc2 Ng6 16.Ne3 d5
17.exd5 Nxd5 18.Nxd5 Bxd5 19.Be3 Rad8 20.axb5 axb5 21.Bxd5 Qxd5 22.Ra7 e4
23.Nd4 exd3 24.Qxd3 c5 25.bxc5 Bxc5 26.Ra5 b4 27.Qb5 Nf4 28.Qc6 bxc3 29.Rxc5 Qxd4
30.Rc4 Qe5 31.h3 Nd5 32.Rc5 Qe4 33.Rc4 Qd3 34.Kh2 Ne7 35.Qe4 Nf5 36.Qxd3 Rxd3
37.Rc1 Nxe3 38.fxe3 Rexe3 39.Rc2 g6 40.Kg1 Kg7 41.Kf2 Rg3 42.Rc6 h5 43.Rc5 Rge3
44.Ra2 Kf6 45.Ra6+ Re6 46.Ra4 Rd2+ 47.Kf3 Ree2 48.g4 Rh2 49.Ra6+ Kg7 50.Kg3 Rdg2+
51.Kf3 h4 52.Ra7 Rf2+ 53.Ke3 Rf6 54.Ke4 Rxh3 55.g5 Rf5 56.Rxf5 gxf5+ 57.Kxf5 Rg3
58.Kf4 c2 59.Rc7 Rg2 60.Kf5 h3 61.g6 Rf2+  0-1

[Event "Munich op9293"]
[Site "Munich"]
[Date "1993.??.??"]
[Round "9"]
[White "Blatny, Pavel"]
[Black "Siegel, Georg"]
[Result "1/2-1/2"]
[WhiteElo "2515"]
[BlackElo "2285"]

1.e4 c6 2.d4 d5 3.exd5 cxd5 4.c4 Nf6 5.Nc3 e6 6.c5 b6 7.b4 bxc5 8.bxc5 Be7
9.Nf3 Ne4 10.Bd2 O-O 11.Bd3 f5 12.Ne2 Nc6 13.Bb5 Bd7 14.O-O Bf6 15.Bxc6 Bxc6
16.Nf4 Qe8 17.h4 Rb8 18.Qc1 Rf7 19.Re1 Rfb7 20.Nd3 Bb5 21.Nde5 Qe7 22.g3 Be8
23.Bf4 Rc8 24.Rb1 h6 25.Rxb7 Qxb7 26.Nd3 Qa6 27.Nb4 Qb5 28.Qa3 Bh5 29.Ne5 g5
30.Be3 gxh4 31.gxh4 Bxh4 32.Nbd3 Rc7 33.Kh2 Bg5 34.Rg1 Rg7 35.c6 Qb8 36.f4 Be2
37.fxg5 hxg5 38.Qb2 Qxb2 39.Nxb2 f4 40.Kg2 fxe3 41.Re1 Ba6 42.Rxe3 Rc7 43.Rb3 Kf8
44.a4 Ke7 45.Rh3 Be2 46.Rh7+ Kd6 47.Rh8 g4 48.Rd8+ Ke7 49.Rh8 g3 50.Rh7+ Kd6
51.Nf7+ Kxc6 52.Nd8+ Kd6 53.Nb7+  1/2-1/2

[Event "Pardubice"]
[Site "Pardubice"]
[Date "1993.??.??"]
[Round "7"]
[White "Blatny, Pavel"]
[Black "Chernin, Alexander"]
[Result "1/2-1/2"]
[WhiteElo "2510"]
[BlackElo "2615"]

1.e4 d6 2.d4 Nf6 3.Nc3 g6 4.Nf3 Bg7 5.Be2 O-O 6.O-O Bg4 7.Be3 Nc6 8.d5 Nb8
9.Qd2 c6 10.Rad1 Qa5 11.a3 Rc8 12.b4 Qc7 13.Bd4 Nbd7 14.Rfe1 a5 15.e5 Nxd5
16.Ng5 Bxe2 17.e6 f6 18.exd7 Qxd7 19.Nxd5 cxd5 20.Rxe2 fxg5 21.Bxg7 Kxg7
22.Qxd5 axb4 23.Qxg5 Rc7 24.axb4 Rf8 25.h3 Rf7 26.Rde1 Qf5 27.Qd2 Qf6 28.Re6 Qc3
29.Qxc3+ Rxc3 30.R1e2 Kf8 31.Kf1 b5  1/2-1/2

[Event "Pardubice"]
[Site "Pardubice"]
[Date "1993.??.??"]
[Round "8"]
[White "Vyzmanavin, Alexey"]
[Black "Blatny, Pavel"]
[Result "1-0"]
[WhiteElo "2605"]
[BlackElo "2510"]

1.d4 Nf6 2.c4 e6 3.Nf3 d5 4.Nc3 Bb4 5.Bg5 Nbd7 6.cxd5 exd5 7.Rc1 O-O 8.a3 Be7
9.e3 Re8 10.Bd3 Nf8 11.O-O c6 12.Qc2 Bg4 13.Ne5 Bh5 14.f4 N6d7 15.Bxe7 Rxe7
16.Rce1 f6 17.Nf3 Bg6 18.f5 Bf7 19.Qf2 Qc7 20.Nh4 Rae8 21.g3 Nb6 22.Ng2 Nc8
23.Nf4 Nd6 24.g4 Qd7 25.h4 h5 26.gxh5 Nxf5 27.Nfxd5 cxd5 28.Bxf5 Qd6 29.Qf3 Nd7
30.Kh1 Nb6 31.Rg1 Kh8 32.Bg6 Nc4 33.h6 Bxg6 34.Rxg6 Rxe3 35.Rxe3 Rxe3 36.hxg7+ Kg8
37.Qxd5+ Qe6 38.Qxe6+  1-0

[Event "Velden op"]
[Site "Velden"]
[Date "1993.??.??"]
[Round "4"]
[White "Mencinger, Vojko"]
[Black "Blatny, Pavel"]
[Result "0-1"]
[WhiteElo "2360"]
[BlackElo "2505"]

1.e4 e5 2.Nf3 Nc6 3.Bb5 a6 4.Ba4 Nf6 5.O-O Be7 6.Qe2 b5 7.Bb3 d6 8.c3 O-O
9.d4 Bg4 10.Rd1 exd4 11.cxd4 d5 12.exd5 Na5 13.Bc2 Re8 14.Nc3 b4 15.Ne4 Qxd5
16.Nxf6+ Bxf6 17.Be3 Re6 18.Rac1 g6 19.h3 Bxf3 20.Qxf3 Qxf3 21.gxf3 Nc4 22.Be4 Nxe3
23.fxe3 Rd8 24.Rc6 Bg5 25.Rd3 Re7 26.Rc5 Bh6 27.Kf2 Rde8 28.Rc2 Kf8 29.Re2 Re6
30.Bd5 Rd6 31.Bb3 f5 32.Rc2 Re7 33.f4 g5 34.fxg5 Bxg5 35.Rc5 Rf6 36.Kf3 Kg7
37.Bc2 h6 38.d5 Rg6 39.Rc4 Bf6 40.Rb3 Rg5 41.h4 Rg1 42.Rbxb4 a5 43.Rb7 Be5
44.Bxf5 Kf6 45.Be6 Reg7 46.Rc6 Bd6  0-1

[Event "Velden op"]
[Site "Velden"]
[Date "1993.??.??"]
[Round "5"]
[White "Blatny, Pavel"]
[Black "Stanec, Nikolaus"]
[Result "1/2-1/2"]
[WhiteElo "2505"]
[BlackElo "2425"]

1.Nf3 Nf6 2.d4 c5 3.c3 e6 4.Bf4 Qb6 5.Qb3 d5 6.e3 Bd7 7.Nbd2 Qxb3 8.axb3 Nc6
9.h3 Rc8 10.Bd3 a6 11.Ke2 Be7 12.g4 O-O 13.Rag1 cxd4 14.exd4 Ne8 15.h4 f6
16.g5 f5 17.h5 Bd6 18.Be5 Nxe5 19.Nxe5 Bxe5 20.dxe5 Nc7 21.Rh4 Bb5 22.Nf3 Bxd3+
23.Kxd3 Nb5 24.Rb4 Rfd8 25.Ra1 Rd7 26.Ra5 Na7 27.Rb6 Rc6 28.Rxc6 Nxc6 29.Ra1 Kf8
30.Re1 Ke7 31.Nh4 Rd8 32.f4 Rc8 33.Nf3 Kd7 34.Ra1 Kc7 35.Ne1 Rd8 36.Nc2 Kb6
37.b4 Rc8 38.Ra3 Rd8 39.b3 Rd7 40.Ra1 Rd8 41.Rd1 Rd7 42.Ke3 Rd8 43.Rd2 Kb5
44.Rd3 Kb6 45.c4 dxc4 46.bxc4 Rxd3+ 47.Kxd3 a5 48.bxa5+ Kxa5 49.Na3 Na7 50.c5 b5
51.cxb6 Kxb6 52.Nc4+ Kc6 53.Nd6 Kd7 54.Kc4 Nc6 55.Nb7 Ke7 56.Nc5 Na7 57.Nd3 Kd7
58.Kb4 Kc6 59.Kc4 Nb5 60.Nb4+ Kb6 61.Nc2 Kc6 62.Ne3 Nc7 63.Kd4 Nb5+ 64.Kd3 Nc7
65.Kc4 Kb6 66.Kd4 Kc6 67.h6 g6 68.Kc4 Kb6 69.Kd4 Kc6 70.Kc4  1/2-1/2

[Event "Velden op"]
[Site "Velden"]
[Date "1993.??.??"]
[Round "5"]
[White "Felsberger, Alfred"]
[Black "Blatny, Pavel"]
[Result "1-0"]
[WhiteElo "2350"]
[BlackElo "2505"]

1.e4 e5 2.Nf3 Nc6 3.d4 exd4 4.Nxd4 Bc5 5.Be3 Qf6 6.c3 Nge7 7.Bc4 Ne5 8.Be2 Qg6
9.O-O h5 10.Nd2 d5 11.Nf5 Bxf5 12.exf5 Qb6 13.Bxc5 Qxc5 14.Bxh5 O-O-O 15.Bg4 Qd6
16.h3 Qf6 17.Re1 Nxf5 18.Rxe5 Qxe5 19.Nf3 Qf6 20.Qd4 Rd6 21.Qxa7 Ra6 22.Qc5 Rd8
23.Nd4 g6 24.a3 Kb8 25.Bxf5 gxf5 26.Re1 f4 27.Re7 Qb6 28.Qxb6 Rxb6 29.b4 Ra6
30.Rxf7 Rxa3 31.Ne2 Re8 32.Nxf4 Rxc3 33.Nxd5 Rc4 34.g4 Re5 35.Nf4 Rxb4  1-0

[Event "Velden op"]
[Site "Velden"]
[Date "1993.??.??"]
[Round "7"]
[White "Blatny, Pavel"]
[Black "Klinger, Josef"]
[Result "1-0"]
[WhiteElo "2505"]
[BlackElo "2445"]

1.e4 c5 2.c3 d5 3.exd5 Qxd5 4.d4 g6 5.Na3 cxd4 6.Nb5 Na6 7.Qxd4 Qxd4 8.Nxd4 Bg7
9.Nb5 Nf6 10.Be3 b6 11.Be2 Bb7 12.Bf3 Bxf3 13.Nxf3 O-O 14.Bd4 Rac8 15.O-O-O Nc7
16.Na3 Ne6 17.Rhe1 Nxd4 18.Rxd4 e6 19.Rc4 Nd5 20.Ne5 a6 21.Kb1 b5 22.Rxc8 Rxc8
23.Nc2 Rd8 24.Nd4 Rd6 25.g3 f6 26.Nef3 e5 27.Nb3 Nb6 28.Kc2 Nc4 29.Re2 Bh6
30.Ne1 Nb6 31.Nd3 Nc4 32.Nbc5 f5 33.b3 Na3+ 34.Kb2 e4 35.Nf4 b4 36.cxb4 Nb5
37.Nfe6 Bd2 38.a4 Na7 39.Nb7 Rd5 40.Nc7 Rd3 41.Nc5 Rd6 42.N7xa6 Bh6 43.b5 Nc8  1-0

[Event "Antwerp op"]
[Site "Antwerp"]
[Date "1994.??.??"]
[Round "4"]
[White "Blatny, Pavel"]
[Black "Lendvai, Noemi"]
[Result "1-0"]
[WhiteElo "2485"]
[BlackElo "2095"]

1.Nf3 Nf6 2.b3 g6 3.Bb2 Bg7 4.g3 O-O 5.Bg2 d6 6.O-O Nbd7 7.d3 e5 8.c4 Nh5
9.e4 Qe8 10.Nc3 c6 11.Qd2 f5 12.exf5 gxf5 13.Rae1 Qg6 14.d4 e4 15.Nh4 Qf6
16.Bh3 Nb6 17.Ng2 Bh6 18.Qd1 Qf7 19.f3 f4 20.Bxc8 Raxc8 21.g4 exf3 22.Qxf3 Ng7
23.Ne4 Ne6 24.Nxd6 Qd7 25.Rxe6 Qxe6 26.Nxc8 Nxc8 27.h4 Ne7 28.Re1 Qf7 29.Re4  1-0

[Event "Antwerp op"]
[Site "Antwerp"]
[Date "1994.??.??"]
[Round "5"]
[White "Vandevoort, Pascal"]
[Black "Blatny, Pavel"]
[Result "0-1"]
[WhiteElo "2305"]
[BlackElo "2485"]

1.c4 d6 2.g3 e5 3.Bg2 g6 4.Nc3 Bg7 5.d3 Ne7 6.Nf3 c5 7.O-O Nbc6 8.a3 O-O
9.Rb1 f5 10.Ne1 h6 11.Nc2 Kh7 12.Ne3 Be6 13.Ned5 Qd7 14.b4 f4 15.bxc5 dxc5
16.Qa4 Bh3 17.Qb5 Bxg2 18.Kxg2 f3+ 19.exf3 Qf5 20.Nxe7 Qf4 21.Kg1 Nxe7 22.Qxb7 Nc6
23.Be3 Rab8 24.Qd7 Rbd8 25.Qh3 Rxd3 26.Rb7 h5 27.Nd5 Rf7 28.Rxf7 Qxf7 29.Bxc5 Na5
30.Ne3 Nb3 31.Qc8 Nd2 32.Rd1 Qxf3 33.Rc1 Qe4 34.Bxa7 Nf3+ 35.Kg2 Ne1+ 36.Kh3 Rxe3  0-1

[Event "Bad Ragaz op"]
[Site "Bad Ragaz"]
[Date "1994.??.??"]
[Round "2"]
[White "Blatny, Pavel"]
[Black "Schumacher, Britta"]
[Result "1-0"]
[WhiteElo "2525"]
[BlackElo "2095"]

1.Nf3 Nf6 2.b3 g6 3.Bb2 Bg7 4.g3 d6 5.Bg2 O-O 6.O-O e5 7.d3 Nc6 8.Nbd2 Rb8
9.c4 Re8 10.Qc2 Bf5 11.e4 Be6 12.Ba3 Nh5 13.Qb2 Qf6 14.Rae1 Nd4 15.Nxd4 exd4
16.Bb4 Qd8 17.f4 f5 18.Nf3 c5 19.Bd2 fxe4 20.dxe4 Bd7 21.Qc2 Bc6 22.Rf2 Qd7
23.Qd3 a6 24.Rfe2 b5 25.e5 d5 26.Ng5 dxc4 27.bxc4 Bxg2 28.Rxg2 b4 29.g4  1-0

[Event "Bad Ragaz op"]
[Site "Bad Ragaz"]
[Date "1994.??.??"]
[Round "8"]
[White "Blatny, Pavel"]
[Black "Richter, M."]
[Result "1-0"]
[WhiteElo "2525"]
[BlackElo "2225"]

1.Nf3 d5 2.b3 Nf6 3.Bb2 e6 4.g3 c5 5.Bg2 Nc6 6.O-O Be7 7.e3 O-O 8.d3 Qc7
9.c4 dxc4 10.bxc4 b6 11.Nc3 Bb7 12.Qe2 Rfd8 13.Rad1 a6 14.Ne1 Na5 15.f4 Bxg2
16.Nxg2 Qc6 17.a4 Rd7 18.f5 Rad8 19.fxe6 Qxe6 20.Nf4 Qg4 21.Rf3 Nc6 22.Ncd5 Nxd5
23.cxd5 Nb4 24.e4 Bd6 25.Ng2 Re7 26.Ne3 Qg6 27.Nf5 Nxd5 28.Bxg7 Ree8 29.Qb2 f6
30.exd5 Be5 31.d4 cxd4 32.d6 Bxd6 33.Qb3+  1-0

[Event "Brno-A"]
[Site "Brno"]
[Date "1994.??.??"]
[Round "3"]
[White "Stangl, Markus"]
[Black "Blatny, Pavel"]
[Result "1-0"]
[WhiteElo "2535"]
[BlackElo "2485"]

1.c4 Nf6 2.Nf3 d6 3.g3 g6 4.Bg2 Bg7 5.d4 c6 6.O-O O-O 7.Nc3 Nbd7 8.e4 e5
9.h3 Re8 10.Re1 Qc7 11.Be3 b6 12.Qd2 Ba6 13.b3 Rad8 14.Rac1 Qb8 15.Bh6 Bh8
16.d5 cxd5 17.cxd5 Nc5 18.Bf1 Bxf1 19.Kxf1 a5 20.Rb1 Rd7 21.a3 Rc8 22.b4 axb4
23.axb4 Na6 24.Qd3 Rdc7 25.Nb5 Rc4 26.Qa3 Qa8 27.Nxd6 Rc3 28.Rb3 Rxb3 29.Qxb3 Rd8
30.Nxf7 Kxf7 31.Nxe5+ Ke7 32.d6+ Kxd6 33.Rd1+ Kc7 34.Qf7+ Kc8 35.Qe6+ Kb7
36.Qe7+ Nd7 37.Nxd7 Nc7 38.Bf4 Rc8 39.Rc1 Qa2 40.Nxb6 Qa6+ 41.Nc4 g5 42.b5 Qxb5
43.Kg2  1-0

[Event "Brno-A"]
[Site "Brno"]
[Date "1994.??.??"]
[Round "4"]
[White "Blatny, Pavel"]
[Black "Stohl, Igor"]
[Result "1-0"]
[WhiteElo "2485"]
[BlackElo "2560"]

1.Nf3 Nf6 2.b3 g6 3.Bb2 Bg7 4.g3 c5 5.Bg2 Nc6 6.c4 d6 7.O-O e5 8.d3 O-O 9.Nc3 Ne8
10.Qd2 Nc7 11.Rad1 Rb8 12.Qc1 h6 13.e3 f5 14.Ne2 Kh7 15.Ne1 Qe7 16.Nc2 Bd7
17.Rfe1 b5 18.Qa1 Qf7 19.f4 Rfe8 20.Nc3 exf4 21.gxf4 Ne7 22.cxb5 Nxb5 23.Nxb5 Bxb5
24.Na3 Bxb2 25.Qxb2 Nd5 26.Qd2 Nb4 27.Nc4 Rbd8 28.a3 Nd5 29.Qa5 Bxc4 30.dxc4 Nb6
31.Rd3 Re7 32.Qd2 Re6 33.a4 Qe8 34.a5 Nc8 35.Bd5 Rf6 36.e4 fxe4 37.Rxe4 Qf8
38.Rde3 Qg7 39.Qe1 Rdf8 40.Re8 Rxe8 41.Rxe8 Rf8 42.Re4 Qf6 43.Kh1 h5 44.Qe3 Kg7
45.Bb7 g5 46.Qe1 gxf4 47.Re6 Qg5 48.Qa1+ Kf7 49.Bd5 Qh4 50.Rxd6+ Ke8 51.Qa4+  1-0

[Event "Brno-A"]
[Site "Brno"]
[Date "1994.??.??"]
[Round "5"]
[White "Haba, Petr"]
[Black "Blatny, Pavel"]
[Result "0-1"]
[WhiteElo "2505"]
[BlackElo "2485"]

1.d4 Nf6 2.c4 c6 3.Nf3 d5 4.e3 e6 5.Nbd2 Nbd7 6.Bd3 b6 7.O-O Bb7 8.b3 g6
9.Qe2 Bg7 10.Ba3 c5 11.Rac1 Rc8 12.cxd5 exd5 13.Ba6 Bxa6 14.Qxa6 O-O 15.Rc2 cxd4
16.Nxd4 Rxc2 17.Nxc2 Qc8 18.Qxc8 Rxc8 19.Rc1 Ne5 20.Ne1 Rxc1 21.Bxc1 Ne4
22.Nb1 Nc6 23.f3 Nc5 24.Bd2 f5 25.Kf1 d4 26.exd4 Nxd4 27.Bb4 Bf8 28.Bc3 Nde6
29.Be5 Kf7 30.Nd2 b5 31.Ke2 Nd7 32.Bg3 Nd4+ 33.Kd1 Nc6 34.Nd3 Nc5 35.Nxc5 Bxc5
36.Nb1 Bb4 37.Bf2 Ke6 38.h3 a6 39.Bb6 Ne7 40.Be3 Nd5 41.Bc1 Ke5 42.g3 Bd6
43.Ke2 Ke6 44.f4 h5 45.h4 Nf6 46.Bd2 Ne4 47.Be1 Bc5 48.Nc3 Bd4 49.Nd1 Kd6
50.Kd3 Bb6 51.Nc3 Nxc3 52.Bxc3 Bf2 53.Bf6 Bxg3 54.Bg5 Bf2 55.Ke2 Bc5 56.Kd3 Kd5
57.Bd8 Bd6 58.Bg5 Bf8 59.Bd8 Kc5 60.Ba5 Be7 61.Be1 Kd5 62.Bf2 Bd8 63.Be1 Kc5
64.Ke3 a5 65.Kd3 a4 66.Ke3 Be7 67.Kd3 Bf6 68.Ke3 Bb2 69.Kd3 Bc1 70.b4+ Kd5
71.Bg3 Bb2 72.Bf2 Bf6 73.Bg3 Bd4 74.Be1 Bg1 75.Bg3 Bb6 76.Be1 Bd4 77.Bg3 Bg1  0-1

[Event "Brno-A"]
[Site "Brno"]
[Date "1994.??.??"]
[Round "7"]
[White "Blatny, Pavel"]
[Black "Epishin, Vladimir"]
[Result "1/2-1/2"]
[WhiteElo "2485"]
[BlackElo "2650"]

1.Nf3 c5 2.c4 Nc6 3.g3 e5 4.d3 d6 5.Bg2 g6 6.Nc3 Bg7 7.a3 a5 8.Rb1 Nge7 9.Qa4 O-O
10.O-O Bd7 11.Qc2 h6 12.e3 f5 13.Rd1 g5 14.Nb5 Be8 15.d4 cxd4 16.exd4 e4
17.Nxg5 hxg5 18.Bxg5 Na7 19.Nc3 Qc7 20.b4 axb4 21.axb4 Bh5 22.Rd2 Nac6 23.Nd5 Qd7
24.Nb6 Qc7 25.Nd5 Qd7 26.Nb6 Qc7 27.Nxa8 Rxa8 28.Be3 Bf7 29.Bf1 Ng6 30.f4 Ra3
31.Kf2 Qb6 32.c5 Qa7 33.Bc4 d5 34.Be2 Nf8 35.b5 Na5 36.Rb4 Nc4 37.Rxc4 dxc4
38.Bxc4 Rxe3 39.Kxe3 Qa3+ 40.Kf2 e3+ 41.Ke2 exd2 42.Bxf7+ Kxf7 43.Qxf5+ Bf6
44.Qd5+ Kg6 45.Kxd2 Qa2+ 46.Ke3 Qxh2 47.f5+ Kh6 48.Qd6 Nh7 49.c6 Qg1+ 50.Ke2 Qb1
51.c7 Qxb5+ 52.Ke1 Qb1+ 53.Kf2 Qc2+ 54.Kf1 b5 55.d5 b4 56.Qc6 Qd1+ 57.Kg2 Qe2+
58.Kh1 Qf3+ 59.Kh2 Qf2+ 60.Kh1 Qf1+ 61.Kh2 Qe2+  1/2-1/2

[Event "Brno-A"]
[Site "Brno"]
[Date "1994.??.??"]
[Round "9"]
[White "Blatny, Pavel"]
[Black "Bischoff, Klaus"]
[Result "1-0"]
[WhiteElo "2485"]
[BlackElo "2525"]

1.e4 Nf6 2.e5 Nd5 3.d4 d6 4.Nf3 Bg4 5.Be2 e6 6.O-O Be7 7.c4 Nb6 8.Nc3 O-O
9.Be3 a6 10.exd6 cxd6 11.Qb3 N8d7 12.a4 Bxf3 13.Bxf3 Qc7 14.Rfc1 Nxc4 15.Nd5 exd5
16.Bxd5 Ndb6 17.Bxc4 Nxc4 18.Rxc4 Qd7 19.Rac1 Rac8 20.d5 Rfe8 21.h3 h6 22.Kh2 Rxc4
23.Rxc4 Bg5 24.Bxg5 hxg5 25.Rb4 Re7 26.Rb6 Qc7 27.Qb4 Rd7 28.a5 g6 29.Qd2 Qd8
30.Rb3 Qf6 31.g3 Re7 32.Kg2 Qf5 33.Rb4 Rc7 34.Qd4 Qb1 35.Rb6 Rd7 36.Qb4 Kg7
37.Rxb7 Rxb7 38.Qxb7 Qe4+ 39.Kg1 Qe1+ 40.Kg2 Qe4+ 41.Kh2 Qf5 42.Qb6 Qxd5
43.Qxa6 Qd2 44.Qb6 d5 45.a6 d4 46.Kg2  1-0

[Event "CZE-ch"]
[Site "?"]
[Date "1994.??.??"]
[Round "1"]
[White "Ramik, Zdenek"]
[Black "Blatny, Pavel"]
[Result "1-0"]
[WhiteElo "2315"]
[BlackElo "2525"]

1.e4 d6 2.d4 Nf6 3.Nd2 e5 4.dxe5 dxe5 5.Ngf3 Bg4 6.Bc4 Nbd7 7.O-O c6 8.a4 Qc7
9.Re1 Rd8 10.h3 Bh5 11.Qe2 h6 12.Nf1 Bg6 13.Ng3 Bh7 14.Bd2 a5 15.Bc3 Bb4
16.Bxb4 axb4 17.Bb3 O-O 18.Qc4 Qa5 19.Rad1 Rde8 20.Rd6 Qc5 21.Qd3 Nb6 22.Rxf6 Rd8
23.Qe2 gxf6 24.Nh4 Kh8 25.Qh5 Rg8 26.Qxh6 Nd7 27.Ngf5 Qf8 28.Rd1 Rg7 29.Qxg7+ Qxg7
30.Nxg7 Kxg7 31.Nf5+ Kf8 32.Ng3 Ke7 33.f3 Bg6 34.Kf2 Ra8 35.Ke3 Nc5 36.Ra1 Kd6
37.Nf1  1-0

[Event "CZE-ch"]
[Site "?"]
[Date "1994.??.??"]
[Round "2"]
[White "Blatny, Pavel"]
[Black "Zigo, Viktor"]
[Result "1-0"]
[WhiteElo "2525"]
[BlackElo "2280"]

1.Nf3 d5 2.b3 Bf5 3.Bb2 e6 4.g3 Nf6 5.Bg2 c5 6.e3 Nc6 7.d3 Be7 8.Nbd2 a5
9.a4 O-O 10.O-O h6 11.Qe2 Bh7 12.Rad1 Nb4 13.Nb1 Qb6 14.Na3 Rfd8 15.Rd2 Rac8
16.Qd1 Ne8 17.Qa1 Bf6 18.Ne5 Nc6 19.Nxc6 Rxc6 20.Rfd1 Bxb2 21.Qxb2 Nf6 22.Nb5 Rcc8
23.c4 Rd7 24.Qa3 Qd8 25.Qc1 b6 26.h3 Qe7 27.Nc3 Rcd8 28.cxd5 Nxd5 29.Bxd5 exd5
30.d4 Qe6 31.Kh2 Qf6 32.Qb2 Qf3 33.Rg1 Rc8 34.g4 Be4 35.Nxe4 dxe4 36.d5 Rcd8
37.Qe5 Rd6 38.Rg3 Qf6 39.Qxe4 Qc3 40.Rd3 Qc2 41.Rf3 Rxd5 42.Rxd5 Qxe4 43.Rxd8+ Kh7
44.Rxf7 Qe5+ 45.Kg2 Qe4+ 46.Kg3 Qe5+ 47.Kf3 Qh2 48.Rdd7 Qxh3+ 49.Kf4 Qh2+
50.Ke4 Qg2+ 51.f3 Qc2+ 52.Kf4 Qh2+ 53.Kf5 Qc2+ 54.e4 Qxb3 55.Rxg7+ Kh8 56.f4 Qxa4
57.Rge7  1-0